Tilastot visalle Lähi-idän 15 suurinta kaupunkia kartalla

Klikkaa tästä pelataksesi tätä visaa!

Yleistilastot

  • Tätä visaa on pelattu 113 kertaa
  • Keskiarvotulos 11 / 15

Vastaukset kartalla

Vastauksille on annettu kartalla punavihreä väri sen mukaan, kuinka moni on saanut sen oikein.
Ladataan ...
 

Vastaustilastot

VäkilukuKaupunki% Oikein
21,0 milKairo
97%
16,0 milIstanbul
96%
5,05 milAnkara
95%
15,3 milTeheran
88%
7,00 milBagdad
86%
5,80 milAlexandria
83%
5,35 milDubai
83%
4,75 milKuwait
81%
3,83 milDamaskos
78%
8,05 milRiad
75%
5,60 milAmman
68%
3,03 milİzmir
57%
4,95 milJedda
52%
3,20 milEsfahan
34%
3,20 milMašhad
34%

Tulosjakauma

Persentiili vastausten määrän mukaan

Jokaisen tuloksen saaneiden osuus

Tuloshistoriasi

Et ole pelannut tätä visaa